| 000 | 00726nam a2200253 a 4500 | ||
|---|---|---|---|
| 001 | 47269 | ||
| 003 | BD-RjUL | ||
| 005 | 20211209054303.0 | ||
| 008 | 160807s1950 nyu 000 0 eng | ||
| 035 | _a(BD-RjUL)47388 | ||
| 035 | _a(OCoLC)755450 | ||
| 040 |
_aDLC _cOClU _dDLC _dBD-RjUL _beng |
||
| 041 | _aeng | ||
| 082 |
_a370.1 _bREF 1955 |
||
| 100 | 1 |
_aReeder, Ward Glen, _d1891- _9143887 |
|
| 245 | 1 | 2 |
_aA first course in education / _cWard Glen Reeder. |
| 250 | _a3d ed. | ||
| 260 |
_aNew York : _bMacmillan, _c1950. _c[Printing1955] |
||
| 300 |
_axvi, 621 p. : _billus. _c22cm. |
||
| 504 | _aIncludes bibliographies. | ||
| 650 | 0 |
_aEducation _zUnited States. _9143888 |
|
| 942 |
_2ddc _cBK |
||
| 999 |
_c47269 _d47269 |
||